000 00606nam a2200193Ia 4500
001 10804
003 GE_BSU
008 181216s||||||||xx |||||||||||||| ||und||
040 _cGE_BSU
080 _a821.353.1-1
100 _aქათამაძე,ჯემალ
245 _aმხოლოდ გული.
245 _bლექსები.
245 _cრედ.ჯემალ ჯაყელი;მხატვ.მ.აბაშიძე.
300 _a90გვ;17სმ.
300 _eფოტო გარეკანზე.
653 _aმხოლოდ გული.
942 _cBK
999 _c44052
_d44052